| 000 | 00758nam a2200229Ia 4500 | ||
|---|---|---|---|
| 003 | OSt | ||
| 005 | 20220925231242.0 | ||
| 006 | a|||||r|||| 00| 0 | ||
| 007 | ta | ||
| 008 | 220923b |||||||| |||| 00| 0 eng d | ||
| 037 | _cGeneral Book | ||
| 040 |
_aRTL _cRTL _beng |
||
| 041 |
_2eng _aeng |
||
| 082 | _aX724.211r.N64, K4.53 | ||
| 110 |
_aAIYAR (A.N.), Ed. _9295091 |
||
| 245 | 0 |
_aIncome tax reports _b A journal of the law of income tax, wealth tax, gift tax, expenditure tax and estate duty with select english cases |
|
| 260 |
_aMadras _bCompany law institute of India _c1964 |
||
| 300 |
_a784p _ccm. |
||
| 700 |
_aAIYAR (A.N.), Ed. _9295092 |
||
| 942 |
_hX724.211r.N64, K4.53 _cGB _2CC |
||
| 999 |
_c587881 _d587881 |
||